| 000 | 01031nas a2200337 4500 | ||
|---|---|---|---|
| 001 | BR2014002581 | ||
| 003 | BR-BrBNA | ||
| 005 | 20231205123936.0 | ||
| 007 | ta | ||
| 008 | 230509b bl.|||p| |||| 00| 00por d | ||
| 040 |
_aBR-BrBNA _bpor _cBiblioteca Nacional de Agricultura |
||
| 041 | _a(En) | ||
| 072 | _aL02 | ||
| 100 | 1 | _aGarcia, I.F.F. | |
| 100 | 1 | _aAlmeida, A.K. de | |
| 100 | 1 | _aCosta, I.R. | |
| 100 | 1 | _aLeopoldino Júnior, I. | |
| 100 | 1 | _aRibeiro, J. do S. | |
| 100 | 1 | _aSouza, F.A. de | |
| 245 | 1 | _aCarcass characteristics and cuts of Santa Inês lambs fed different roughage proportions and fat source | |
| 650 | _aCORDEIRO | ||
| 650 | _aCARCAÇA | ||
| 650 | _aRAÇÃO | ||
| 650 | _aCARNE | ||
| 650 | _aNUTRIÇÃO ANIMAL | ||
| 650 | _aGORDURA | ||
| 773 | 0 |
_tRevista Brasileira de Zootecnia (Brazil) _xISSN 1806-9290 _g(Jun 2010), v. 39(6) p. 1322-1327 _wBR2014002581 |
|
| 856 | 4 | 0 | _uhttp://www.scielo.br/pdf/rbz/v39n6/22.pdf |
| 909 |
_a202311 _bLúcia _c55 _dLúcia Elande |
||
| 942 |
_2AGRIS _n0 _cANA |
||
| 999 |
_c236513 _d236513 |
||